| 000 | 00595nam a22001577a 4500 | ||
|---|---|---|---|
| 003 | macl | ||
| 005 | 20170202121935.0 | ||
| 008 | 170202b xxu||||| |||| 00| 0 eng d | ||
| 040 | _cmacl | ||
| 082 | _a900 | ||
| 100 |
_aतलरेजा हरिश चन्द्र _966735 |
||
| 245 |
_aचचनामाह _bसिन् ध पर अरबों के हमले का वृत्तान्त |
||
| 260 |
_aदिल्ली _bहिमांशु पब्लिकेश्ान्स _c2015 |
||
| 650 |
_aइतिहास _966736 |
||
| 942 |
_2ddc _cHIN |
||
| 999 |
_c56052 _d56052 |
||